| 000 | 00453 a2200169 4500 | ||
|---|---|---|---|
| 999 |
_c4179 _d4179 |
||
| 020 | _a9780799417487 | ||
| 050 | _aPR8771 MAL 2005 | ||
| 100 |
_aMalungana, S. J. _eauthor |
||
| 245 |
_aKwakwa ra sekwa / _cS. J. Malungana |
||
| 264 |
_aCape Town _bNasou Via Africa _c2005 |
||
| 300 | _a108p. : | ||
| 500 | _aTsonga | ||
| 650 | _aTsonga literature. | ||
| 650 | _aTsonga language -- Texts. | ||
| 650 | _aTsonga language. | ||
| 942 |
_2lcc _cBK _h8771 _iMAL _kPR |
||